Представление документа в формате RUSMARC

ПолеНазваниеЗначение
  Тип записи a
  Библиографический уровень a
001 Контрольный номер RU/CBS_Ul/BASE/487766277
005 Дата корректировки 20240209175148.7
100 Данные общей обработки __
a Данные общей обработки 20150616d2015 ||| 0rusy0189 ca
101 Язык документа 0_
a Язык текста rus
102 Страна публикации __
a Страна публикации RU
105 Кодированные данные (монография) __
a Кодированные данные (монография) y###||||000|y
200 Заглавие и сведения об ответственности 1_
a Заглавие "Зенит": путь к успеху
b Общее обозначение материала Текст
e Сведения, относящиеся к заглавию [о футбольной команде "Зенит"]
f Первые сведения об ответственности А. Евсеева
300 Общие примечания __
a Общие примечания Ограничения по возрасту - 12+
461 Уровень набора _0
1 2000
a Бумеранг
463 Уровень физической единицы _0
1 001RU/CBS_Ul/BASE/487330748
1 2000
a № 6
v С. 21-22 : фото
1 210
d 2015
600 Персоналии _0
a Персоналии (Фамилия) Лемешев
b Персоналии (Имя, инициалы) К.И.
606 Тематические рубрики 0_
a Основная рубрика "Зенит", футбольный клуб (Санкт-Петербург, город)
610 Ключевые слова 0_
a Ключевые слова Зенит (футбольные клубы)
a Ключевые слова футболисты
a Ключевые слова футбольные команды
a Ключевые слова Сталинец (футбольные команды)
a Ключевые слова футбольные клубы
a Ключевые слова футбол
686 Индексы других классификаций __
a Классификационный индекс 75.578
2 Код системы ББК
700 Автор _1
a Фамилия Евсеева
b Имя (инициалы) А.
801 Источник записи _0
a Страна RU
b Организация МБУК ЦБС г. Ульяновска
c Дата составления 20150616
g Правила каталогизации RCR
801 Источник записи _1
a Страна RU
b Организация МБУК ЦБС г. Ульяновска
c Дата составления 20150616
g Правила каталогизации RCR
901 Тип документа __
t Тип документа b
w Контрольный № источника RU/CBS_Ul/BASE/487330748
910 Корректоры записи __
a Корректор записи Библиотека 29
938 Служебная информация __
a Имя БД period